000 00216nam a22000977a 4500
008 170126b xxu||||| |||| 00| 0 eng d
041 _aeng
080 _a61
245 _aCASE-BASED MEDICINE
_cLACY, B.E
942 _2udc
_cBK
999 _c3708
_d3708